Responses for Show #7843 - Wednesday, October 17, 2018

Alan Dunn game 4.

Contestants

[<< previous game]

Julie Holzmann, a proofreader and virtual assistant from Columbia, South Carolina

Allison Stevens, a women's health nurse practitioner from Philadelphia, Pennsylvania

Alan Dunn, a software development manager from Johns Creek, Georgia (whose 3-day cash winnings total $70,801)

[next game >>]

Jeopardy! Round responses

STARRING WITH THE DANCES
WHOSE WHAT?
NUTS ABOUT DOUGHNUTS
THE FOLGER LIBRARY
FOREIGN WORDS & PHRASES
WORLD WAR I
    $200 14
Hairspray

Julie
    $200 15
St. Patrick's Day

Allison
    $200 9
croissant

Julie
    $200 24
the First Folio

Alan
    $200 1
ad nauseam

Alan
    $200 6
Sarajevo

Alan
    $400 16
Dirty Dancing

Allison
    $400 18
the Lord's Prayer

Julie
    $400 10
Krispy Kreme

Julie
    $400 25
(Alex: We have less than a minute now.)

April

Triple Stumper
    $400 2
nom de plume

Alan
    $400 7
1914

Triple Stumper
    $600 17
La La Land

Julie
    $600 19
Murphy's Law

Alan
    $600 11
"Walk Like An Egyptian"

Allison
    $600 26
a lute

Alan
    $600 3
Blitzkrieg

Julie
    $600 8
barbed wire

Julie
    $800 29
[The end-of-round signal sounds.]

"Singin' In The Rain"

Alan
    $800 20
John Brown's body

Alan
    $800 12
cruller

Allison
    $800 4
(Alan: What is capellini?)

a capella

Alan
Triple Stumper
    $2,000 22
(Julie: What is Ireland?)
(Alex: No, you had to think of the kilts. [*]. [*].)

Scotland

Julie
    $1000 28
Flashdance

Julie
    $1000 21
Sutter's Mill

Julie
    $1000 13
a beignet

Allison
    $1000 27
As You Like It

Triple Stumper
    $1000 5
babushka

Triple Stumper
    $1000 23
the Argonne

Triple Stumper

Scores at the first commercial break (after clue 15):

Alan Allison Julie
$0 $2,600 $2,000

Scores at the end of the Jeopardy! Round:

Alan Allison Julie
$3,000 $3,000 $3,000

Double Jeopardy! Round responses

BALI, HI!
LIFE IN COLONIAL AMERICA
CELEBRITY POLITICIANS
I "NV" YOU
NUCLEAR PHYSICS
BAND BOOKS
    $400 24
Hinduism

Alan
    $400 11
vote

Alan
    $400 19
Kiev

Allison
    $400 6
invention

Julie
    $400 1
[Alan selected the first clue.]

fission

Alan
    $400 16
(Julie: Who are the Sex Pistols?)

Mötley Crüe

Julie
Triple Stumper
    $800 25
(Alex: With less than a minute.)

rice

Julie
    $3,000 12
hasty pudding

Alan
    $800 20
Silvio Berlusconi

Triple Stumper
    $800 7
convent

Julie
    $800 2
a meter

Alan
    $800 17
(Alan: Who are The Who?)

Led Zeppelin

Alan
Triple Stumper
    $1200 26
(Alan: What is Singapore?)
(Julie: What is Sumatra?)

Java

AlanJulie
Triple Stumper
    $1200 13
tobacco

Alan
    $1200 21
Haiti

Alan
    $1200 8
nonverbal

Allison
    $1200 3
photon

Alan
    $1200 18
(Julie: Who are The Eagles?)

Aerosmith

Julie
Triple Stumper
    $1600 27
the Dutch

Triple Stumper
    $1600 14
a mobcap

Alan
    $1600 22
Australia

Triple Stumper
    $1600 9
envelope

Alan
    $1600 4
transmutation

Triple Stumper
    $1600 29
[The end-of-round signal sounds.]

The Eagles

Allison
    $2000 28
Elizabeth Gilbert

Triple Stumper
    $2000 15
(Alan: What is Richmond?)

Williamsburg

AlanAllison
    $2000 23
Glenda Jackson

Triple Stumper
    $2000 10
anvil

Julie
    $3,000 5
plasma

Alan

Scores at the end of the Double Jeopardy! Round:

Alan Allison Julie
$13,800 $8,200 $4,200

[wagering suggestions for these scores]

Final Jeopardy! Round responses

WORLD CITIES
JulieWhat is St. Peterbs
$4,199
AllisonWhat is
$5,601
AlanWhat is St. Petersburg?
$2,601
St. Petersburg

Final scores:

Alan Allison Julie
$16,401 $2,599 $1
4-day champion: $87,202 2nd place: $2,000 3rd place: $1,000

Game dynamics:

Coryat scores:

Alan Allison Julie
$10,600 $8,200 $6,200
19 R
(including 2 DDs),
4 W
9 R,
0 W
13 R,
4 W
(including 1 DD)

Combined Coryat: $25,000

[game clues] [game scores] [suggest correction]

Game tape date: 2018-08-15
The J! Archive is created by fans, for fans. Scraping, republication, monetization, and malicious use prohibited; this site may use cookies and collect identifying information. See terms. The Jeopardy! game show and all elements thereof, including but not limited to copyright and trademark thereto, are the property of Jeopardy Productions, Inc. and are protected under law. This website is not affiliated with, sponsored by, or operated by Jeopardy Productions, Inc. Join the discussion at JBoard.tv.